LEADER 01559nam 2200457I 450 001 9910705893503321 005 20170725145453.0 035 $a(CKB)5470000002453478 035 $a(OCoLC)993877882 035 $a(EXLCZ)995470000002453478 100 $a20170717j201706 ua 0 101 0 $aeng 135 $aurmn||||||||| 181 $ctxt$2rdacontent 182 $cc$2rdamedia 183 $acr$2rdacarrier 200 14$aThe NASA air traffic management ontology: technical documentation /$fRichard M. Keller 210 1$a[Moffett Field, CA] :$cNational Aeronautics and Space Administration, [Ames Research Center],$dJune 2017. 215 $a1 online resource (viii, 80 pages) $cillustrations 225 1 $aNASA/TM ;$v2017-219526 300 $a"June 2017." 320 $aIncludes bibliographical references (pages 67). 517 $aNASA air traffic management ontology 606 $aAir traffic control$2nasat 606 $aData management$2nasat 606 $aFlight management systems$2nasat 606 $aInformation management$2nasat 606 $aStandardization$2nasat 615 7$aAir traffic control. 615 7$aData management. 615 7$aFlight management systems. 615 7$aInformation management. 615 7$aStandardization. 700 $aKeller$b Richard M.$01406468 712 02$aAmes Research Center, 801 0$bGPO 801 1$bGPO 906 $aBOOK 912 $a9910705893503321 996 $aThe NASA air traffic management ontology: technical documentation$93485521 997 $aUNINA LEADER 02229nam 2200577 450 001 9910817053803321 005 20230807210301.0 035 $a(CKB)2670000000610465 035 $a(EBL)2005725 035 $a(SSID)ssj0001535444 035 $a(PQKBManifestationID)11819253 035 $a(PQKBTitleCode)TC0001535444 035 $a(PQKBWorkID)11500874 035 $a(PQKB)10475568 035 $a(MiAaPQ)EBC2005725 035 $a(MiAaPQ)EBC5915280 035 $a(Au-PeEL)EBL2005725 035 $a(CaPaEBR)ebr11051407 035 $a(CaONFJC)MIL770891 035 $a(OCoLC)907942111 035 $a(Au-PeEL)EBL5915280 035 $a(OCoLC)1191746164 035 $a(EXLCZ)992670000000610465 100 $a20150512h20152015 uy| 1 101 0 $aeng 135 $aur|n|---||||| 181 $ctxt 182 $cc 183 $acr 200 10$aAlexandrian summer /$fYitzhak Gormezano Goren ; translated by Yardenne Greenspan 210 1$aNew York :$cNew Vessel Press,$d[2015] 210 4$dİ2015 215 $a1 online resource (191 p.) 300 $aFirst published in Hebrew in 1978 as Kayits Alexandroni. 311 $a1-939931-20-7 311 $a1-939931-22-3 330 $aYitzhak Gormezano Goren was born in Alexandria, Egypt, in 1941 and immigrated to Israel as a child. He is a playwright and novelist. Gormezano Goren studied English and French literature at the Hebrew University of Jerusalem and Tel Aviv University and has an MFA in theater directing from Brooklyn College. He cofounded the Kedem Stage Theater in Tel Aviv in 1982 and directed it for 30 years. Gormezano Goren received the Israeli Prime Minister's Prize for Literature in 2001.Yardenne Greenspan (translator) is a fiction writer and translator, born in Tel Aviv to a bilingual family. Her translatio 606 $aJews$zEgypt$vFiction 606 $aHorse racing$zEgypt$vFiction 615 0$aJews 615 0$aHorse racing 676 $a892.436 700 $aGoren$b Yitzhak Gormezano$01724233 702 $aGreenspan$b Yardenne 801 0$bMiAaPQ 801 1$bMiAaPQ 801 2$bMiAaPQ 906 $aBOOK 912 $a9910817053803321 996 $aAlexandrian summer$94126155 997 $aUNINA